Viacrozmerná štatistická analýza vybraných priestorových dát z oblasti Vysokých Tatier
Enregistré dans:
| Auteur principal: | |
|---|---|
| Autres auteurs: | |
| Format: | Manuscrit Livre |
| Langue: | slovaque |
| Publié: |
2021
|
| Sujets: | |
| Accès en ligne: | http://is.stuba.sk/zp/portal_zp.pl?podrobnosti=159082 https://opac.crzp.sk/?fn=detailBiblioForm&sid=7E417B54B864B7C45827FC4635AB |
| Tags: |
Pas de tags, Soyez le premier à ajouter un tag!
|
MARC
| LEADER | 00000ntm a22000003a 4500 | ||
|---|---|---|---|
| 001 | stuzp83815 | ||
| 003 | SK-STU | ||
| 005 | 20230515101112.9 | ||
| 007 | ta | ||
| 008 | 150427s2015----xo-----f-mn---000-0-slo-d | ||
| 040 | |a STU |b slo | ||
| 041 | 0 | |a slo | |
| 100 | 1 | |a Matúš, Marcel |u 010130 |4 aut |U SvF Stavebná fakulta |T SvF Katedra globálnej geodézie a geoinformatiky |X 87586 |U V130 |Y 13 |7 87586 | |
| 242 | 0 | 1 | |a Multivariate statistical analysis of selected spatial data from the High Tatras area |y eng |
| 245 | 1 | 0 | |a Viacrozmerná štatistická analýza vybraných priestorových dát z oblasti Vysokých Tatier |
| 260 | |c 2021 | ||
| 650 | 4 | |a TANABBO |2 slo | |
| 650 | 4 | |a analýza hlavných komponentov |2 slo | |
| 650 | 4 | |a binárna logistická regresia |2 slo | |
| 650 | 4 | |a lykožrút smrekový |2 slo | |
| 650 | 4 | |a predikčný model |2 slo | |
| 650 | 4 | |a validácia |2 slo | |
| 650 | 4 | |a ROC krivka |2 slo | |
| 650 | 4 | |a TANABBO |2 eng | |
| 650 | 4 | |a principal components analysis |2 eng | |
| 650 | 4 | |a binary logistic regression |2 eng | |
| 650 | 4 | |a bark beetle |2 eng | |
| 650 | 4 | |a ROC curve |2 eng | |
| 650 | 4 | |a predictive model |2 eng | |
| 650 | 4 | |a validation |2 eng | |
| 700 | 1 | |a Ďuračiová, Renata |u 010130 |k Z1 |4 ths |U SvF Stavebná fakulta |T SvF Katedra globálnej geodézie a geoinformatiky |X 950 |U V130 |Y 13 |7 A000000950 | |
| 856 | 4 | |u http://is.stuba.sk/zp/portal_zp.pl?podrobnosti=159082 | |
| 856 | 4 | |u https://opac.crzp.sk/?fn=detailBiblioForm&sid=7E417B54B864B7C45827FC4635AB | |